| 000 | 00672nam a2200253 a 4500 | ||
|---|---|---|---|
| 001 | nice12345678 | ||
| 003 | IN_TiNIC | ||
| 005 | 20260116013106.0 | ||
| 008 | 050524s1993 cama grp 000 0 eng | ||
| 020 |
_a _c2775 |
||
| 082 | 0 | 0 |
_a294.6 _bSIN5 |
| 100 | _aSingh, Nikky-G Kaur | ||
| 245 | _aFeminine Principle in the Sikh Vision of the Transcendent | ||
| 260 |
_aCambridge _bCambridge University Press _c1993 |
||
| 300 | _a318p | ||
| 500 | _aincludes index and biblioraphy | ||
| 505 | 2 | _aNotes, List of Reference, Index | |
| 650 | _aSikhism | ||
| 650 | _aGod-Sikhism | ||
| 700 | 1 | _aSingh, Nikky-G Kaur | |
| 902 | _bSRS | ||
| 942 | _cBK | ||
| 999 |
_c9624 _d9624 |
||